Yogayogmulak Asamiya (Major10)/ (Record no. 12270)

MARC details
000 -LEADER
fixed length control field 00582nam a22002057a 4500
005 - DATE AND TIME OF LATEST TRANSACTION
control field 20250915073729.0
008 - FIXED-LENGTH DATA ELEMENTS--GENERAL INFORMATION
fixed length control field 250915b |||||||| |||| 00| 0 eng d
020 ## - INTERNATIONAL STANDARD BOOK NUMBER
International Standard Book Number 9789358499353
040 ## - CATALOGING SOURCE
Original cataloging agency IN-DiNC
Transcribing agency IN-DiNC
041 ## - LANGUAGE CODE
Language code of sung or spoken text Assamese
082 ## - DEWEY DECIMAL CLASSIFICATION NUMBER
Classification number 491.451
Item number YOG
245 ## - TITLE STATEMENT
Title Yogayogmulak Asamiya (Major10)/
Statement of responsibility, etc. ed. Arabinda Rajkhowa and Ashim Chutia
250 ## - EDITION STATEMENT
Edition statement 1st ed.
260 ## - PUBLICATION, DISTRIBUTION, ETC.
Place of publication, distribution, etc. Dibrugarh:
Name of publisher, distributor, etc. Banalata,
Date of publication, distribution, etc. 2025.
300 ## - PHYSICAL DESCRIPTION
Extent 256p.
650 ## - SUBJECT ADDED ENTRY--TOPICAL TERM
Topical term or geographic name entry element Communicative Assamese (Major10)
700 ## - ADDED ENTRY--PERSONAL NAME
Personal name Rajkhowa, Arabinda
Relator term Editor
700 ## - ADDED ENTRY--PERSONAL NAME
Personal name Chutia, Ashim
Relator term Editor
942 ## - ADDED ENTRY ELEMENTS (KOHA)
Source of classification or shelving scheme Dewey Decimal Classification
Koha item type Books
Holdings
Withdrawn status Lost status Source of classification or shelving scheme Damaged status Not for loan Collection code Home library Current library Shelving location Date acquired Cost, normal purchase price Total Checkouts Full call number Barcode Date last seen Date last checked out Copy number Price effective from Koha item type
    Dewey Decimal Classification     Assamese Naharkatiya College Library Naharkatiya College Library General Stacks 15/09/2025 240.00 1 491.451 YOG 31018 13/11/2025 27/09/2025 1 15/09/2025 Books
    Dewey Decimal Classification     Assamese Naharkatiya College Library Naharkatiya College Library General Stacks 15/09/2025 240.00 1 491.451 YOG 31019 13/11/2025 27/09/2025 2 15/09/2025 Books
    Dewey Decimal Classification     Assamese Naharkatiya College Library Naharkatiya College Library General Stacks 15/09/2025 240.00 1 491.451 YOG 31020 22/11/2025 27/09/2025 3 15/09/2025 Books

Naharkatiya College © 2020. All rights reserved.

Powered By